000 00334nam a2200157Ia 4500
003 OSt
005 20240320104938.0
008 170524s9999 xx 000 0 und d
020 _aNIL
040 _cIIMTU MEERUT
100 _aLawson- Jane
245 0 _aAsian kitchen
260 _bMurdoch Books
260 _c2004
942 _2ddc
_c02
999 _c7015
_d7015